| 000 | 01661cam a22004814i 4500 | ||
|---|---|---|---|
| 003 | PE-LiUPU | ||
| 005 | 20250731184541.0 | ||
| 008 | 200123s1960 nyua r 000 0 eng d | ||
| 020 | _a0517371510 | ||
| 020 | _a9780517371510 | ||
| 035 | _a(Sirsi) a252805 | ||
| 040 |
_aPE-LiUPU _bspa _cPE-LiUPU _erda |
||
| 049 | _aPRUA | ||
| 082 | 0 | 4 |
_a973.7 _bD31 _223 |
| 100 | 1 |
_aDavis, Burke, _eautor. |
|
| 245 | 1 | 4 |
_aThe Civil War, strange & fascinating facts / _cBurke Davis. |
| 264 | 1 |
_aNew York : _b Fairfax Pr., _c1960. |
|
| 300 |
_a249 páginas : _bilustraciones ; _c24 centímetros |
||
| 336 |
_atext _2rdacontent |
||
| 337 |
_aunmediated _2rdamedia |
||
| 338 |
_avolume _2rdacarrier |
||
| 505 | 0 | _aThe travail of Wilmer McLean -- House Divided -- Firsts -- The first battle -- Mr. Lincoln´s beard -- The blockade -- Music, music -- War in the air -- The machine gun -- A general´s grammar -- How young they were -- Famaus onlookers -- Which war?. | |
| 526 | _aP136 | ||
| 526 | _aP135 | ||
| 526 | _aP134 | ||
| 526 | _aP133 | ||
| 526 | _aP144 | ||
| 526 | _aP143 | ||
| 526 | _aP87 | ||
| 526 | _aP35 | ||
| 526 | _aP20 | ||
| 526 | _aP14 | ||
| 526 | _aP10 | ||
| 526 | _aP06 | ||
| 650 | 0 | 4 | _aEstados Unidos-historia. |
| 910 |
_adbm _bksl _cksl _d20200123 |
||
| 942 |
_2ddc _cBOOK |
||
| 994 |
_aC0 _bPEPRU |
||
| 598 | _aCATALOGING | ||
| 596 | _a1 | ||
| 999 |
_a973.7 D31 _wDEWEY _c32027 _i80908 _f2021-11-12 _g2 _lCCODEBUL1 _mBUL _p37.00 _r0 _sY _tBOOK _u2020-1-23 _xTEOLOGIA _PP35 _0DONACION _o.STAFF. Colección Teología _d32027 |
||
| 980 |
_81 _gALBERTO SANCHEZ Responsable de Automatización |
||